| 000 | 01596nam a22002537a 4500 | ||
|---|---|---|---|
| 005 | 20260316151920.0 | ||
| 008 | 260316b |||||||| |||| 00| 0 eng d | ||
| 020 | _a9788126521791 | ||
| 040 | _cAL | ||
| 041 | _aeng | ||
| 082 |
_a005.82 _bGODC |
||
| 100 |
_aNina Godbole _9258778 |
||
| 245 | _aCyber security | ||
| 260 |
_aNew Delhi _bWiley _c2024 |
||
| 300 |
_axiv,588p _bPB _c24x18cm |
||
| 365 |
_2Information Science and Engineering _aVBI-2645 _b₹809.25 _c₹ _d₹1079.00 _e25% _f20-02-2026 |
||
| 520 | _a· This book, focusing on cyberthreats and cybersecurity, provides the much needed awareness in the times of growing cybercrime episodes. · Comprehensive treatment of important topic - cybersecurity to help readers understand the implications of cybercrime. · The book provides adequate orientation on laws in reference to cybercrime and cybersecurity taking into account the Indian as well as global scenario. · Awareness created through simple practical tips and tricks, educates readers to learn how to avoid becoming victims of cybercrime. · Written by InfoSec domain SME and co-authored by qualified ethical hacking professional who is also a security certified. · Well-presented case illustrations and examples from real life to underline the significance of topics addressed in each chapter. | ||
| 650 |
_aCybercrime _9258779 |
||
| 650 |
_aMobile and Wireless Devices _9258780 |
||
| 650 |
_aComputer Forensics _9258781 |
||
| 650 |
_aUnderstanding cyber crimes computer Forensics and legal Perspectives _9258782 |
||
| 700 |
_aBelapure, Sunit _9258783 |
||
| 942 |
_2ddc _cBK |
||
| 999 |
_c241028 _d241028 |
||